Product durability and product life extension : their contribution to solid waste management.

Guardado en:
Autor Corporativo: Organisation for Economic Co-operation and Development.
Formato: Libro
Idioma:English
Publicado: Paris : [Washington, D.C. : Organisation for Economic Co-operation and Development ; OECD Publications and Information Center, [distributor], 1982.
Etiquetas: Agregar Etiqueta
Sin Etiquetas, Sea el primero en etiquetar este registro!
LEADER 00683nam a22001575a 4500
001 EEA.libagro004255
005 20190315120137.0
008 130809s1982####fr#a#####b####000#0#eng#d
020 |a 9264122931 
082 0 4 |a 614.7 
245 1 0 |a Product durability and product life extension :  |b their contribution to solid waste management. 
260 |a Paris :  |b Organisation for Economic Co-operation and Development ;  |a [Washington, D.C. :  |b OECD Publications and Information Center, [distributor],  |c 1982. 
300 |a 129 p. :  |b il. ;  |c 24 cm. 
504 |a Bibliografía: p. 81-88. 
710 2 |a Organisation for Economic Co-operation and Development. 
859 |a AR-BbBCA  |b BIB. AGRONOMIA  |h 614.7  |i O15  |p 1990/1496